(Some) Scientific Laws and a Theory - Statistics

General Stats
  • This quiz has been taken 30 times
  • The average score is 5 of 12
Answer Stats
Hint Answer % Correct
An object at rest remains at rest until acted upon Newton's 1st Law
77%
Every force in nature has a complete equal and opposite reaction Newton's 3rd Law
77%
The greater the mass the greater the force needed to influence Newton's 2nd Law
69%
Everything tends towards disorder 2nd Law of Thermodynamics
54%
(Theory) The same laws of physics hold true in all inertial reference frames and that the speed of light is the same for all observers, even those moving with respect to one another Einstein's theory of relativity
46%
The total energy of a system by itself remains constant Law of Conservation of Energy
46%
Matter and/or energy can neither be created nor destroyed, only altered 1st Law of Thermodynamics
38%
The entropy of a system approaches a constant value as the temperature approaches absolute zero 3rd Law of Thermodynamics
38%
The mass of any one element at the beginning of a reaction will equal the mass of that element at the end of the reaction Law of Conservation of Mass
38%
If two thermodynamic systems are both in thermal equilibrium with a third system, then the two systems are in thermal equilibrium with each other 0th Law of Thermodynamics
31%
In an isolated system the total momentum of two or more bodies acting upon each other remains constant unless an external force is applied Law of Conservation of Momentum
23%
Any particle of matter in the universe attracts any other with a force varying directly as the product of the masses and inversely as the square of the distance between them Newton's Law of Universal Gravitation
8%
No matching quizzes found
Score Distribution
Percent of People with Each Score
Percentile by Number Answered
Your Score History
You have not taken this quiz